000 01289nam0a2200301 4500
001 RU\NLR\bibl\326486
005 20250621143822.0
010 _a5-88010-049-9
_98000
035 _a(NLR Aleph) 000321485
090 _a100027
_c100027
100 _a20021025d1998 |||y0rusy50 ca
101 0 _arus
102 _aRU
105 _ay |||||||||
200 1 _aТермины и определения в нормативных правовых актах Российской Федерации
_eСправ.
_f[Сост.: А.В. Плотников, Г.К. Пискова]
210 _aМ.
_cИнформпечать
_d1998
215 _a297,[2] с.
_d21
320 _aНормат. правовые акты, имеющие в тексте термины и определения 1991-1997 гг. в конце кн.
606 0 _aЗаконодательство
_jСправочники
_xТерминология
_yРоссийская Федерация
_92287857
_3RU\NLR\auth\661370354
686 _aХ.в4я2
686 _aХ62в4я2
702 1 _aПлотников
_bА. В.
_gАнатолий Васильевич
_4220
801 0 _aRU
_bNLR
_c20021025
_gPSBO
801 1 _aRU
_bNLR
_c20021025
830 _aСост. по кн.
942 _cBOOK
980 _aNB